|
|
|
|
| LEADER |
00893nam a2200241 i 4500 |
| 001 |
c000245051 |
| 003 |
CARM |
| 005 |
00000000000000.0 |
| 008 |
840311s1969 nju 0 eng d |
| 019 |
1 |
|
|a 21441097
|
| 035 |
|
|
|a (ltul).b12415832
|
| 082 |
0 |
4 |
|a 327.7305
|
| 100 |
1 |
|
|a Gordon, Bernard K.,
|d 1932-
|
| 245 |
1 |
0 |
|a Toward disengagement in Asia :
|b a strategy for American foreign policy.
|
| 260 |
|
|
|a Englewood Cliffs, N.J. :
|b Prentice-Hall,
|c [1969].
|
| 300 |
|
|
|a 186 p. :
|b illus.
|
| 490 |
1 |
|
|a A Spectrum book
|
| 651 |
|
0 |
|a United States
|x Foreign relations
|z Asia.
|
| 651 |
|
0 |
|a Asia
|x Foreign relations
|z United States.
|
| 830 |
|
0 |
|a Spectrum book.
|
| 852 |
8 |
|
|b CARM
|h A2:AK37G0
|i B07704
|p 0337411
|f BK
|
| 999 |
f |
f |
|i f74865b5-131a-5786-805c-e8bd62f9fc4c
|s 55b5e998-458b-5082-a13c-739bc5073376
|
| 952 |
f |
f |
|p Can circulate
|a CAVAL
|b CAVAL
|c CAVAL
|d CARM 1 Store
|e B07704
|f A2:AK37G0
|h Other scheme
|i book
|m 0337411
|